เปลี่ยนเป็นภาษาไทย

Change to English
 แสดงรายละเอียดบรรณานุกรม
  กลับหน้าหลัก
ห้องสมุดโรงเรียนพะเยาพิทยาคม...ยินดีต้อนรับ...ทุกท่านเข้าสู่ระบบห้องสมุดอัตโนมัติ

Brief Record : Get Marc (ISO 2709) : E-mail record : QR code ปิดหน้าต่าง
หนังสืออ้างอิง : เกี่ยวกับ Collections
LEADER 00000nam 2200000uu 4500
001    13399112289
003     ULIBM
008    120918s2546||||th 000 0 tha d
082    ^a379^bค121ห
100    ^aคณะบรรณาธิการ
245    ^aหม่อมหลวงปิ่น มาลากุล/^cโดย คณะบรรณาธิการ
260    ^aพิมพ์ครั้งที่ 1^bกรุงเทพฯ^cนิวเสรีนคร,^d2546
300    ^a243 หน้า:^bภาพประกอบ;^c30 ซม.
650    ^aการศึกษา
945    ^p0^l0^i28086
999     ^akanya
 
คุณยังไม่ได้ล็อกอิน คุณสามารถมีกิจกรรมร่วมกับเว็บไซต์ได้ แต่ต้องล็อกอินก่อน ::
  ล็อกอิน
ลำดับที่ ประเภท เลขเรียก/บาร์โค้ด สถานที่ สถานะ
1. หนังสือ
หนังสือ
379 ค121ห 2546 ฉ.1 
  Barcode: 28086
ห้องสมุด
►หนังสือทั่วไป
On Shelf
  ขอยืม
2. หนังสือ
หนังสือ
379 ค121ห 2546 ฉ.2 
  Barcode: 28088
ห้องสมุด
►หนังสือทั่วไป
On Shelf
  ขอยืม
3. หนังสือ
หนังสือ
379 ค121ห 2546 ฉ.3 
  Barcode: 28089
ห้องสมุด
►หนังสือทั่วไป
On Shelf
  ขอยืม
4. หนังสือ
หนังสือ
379 ค121ห 2546 ฉ.4 
  Barcode: 28091
ห้องสมุด
►หนังสือทั่วไป
On Shelf
  ขอยืม
5. หนังสือ
หนังสือ
379 ค121ห 2546 ฉ.5 
  Barcode: 28096
ห้องสมุด
►หนังสือทั่วไป
On Shelf
  ขอยืม
6. หนังสือ
หนังสือ
379 ค121ห 2546 ฉ.6 
  Barcode: 28097
ห้องสมุด
►หนังสือทั่วไป
On Shelf
  ขอยืม
7. หนังสือ
หนังสือ
379 ค121ห 2546 ฉ.7 
  Barcode: 28328
ห้องสมุด
►หนังสือทั่วไป
On Shelf
  ขอยืม
8. หนังสือ
หนังสือ
379 ค121ห 2546 ฉ.8 
  Barcode: 28329
ห้องสมุด
►หนังสือทั่วไป
On Shelf
  ขอยืม
9. หนังสือ
หนังสือ
379 ค121ห 2546 ฉ.9 
  Barcode: 28330
ห้องสมุด
►หนังสือทั่วไป
On Shelf
  ขอยืม
10. หนังสือ
หนังสือ
379 ค121ห 2546 ฉ.10 
  Barcode: 28331
ห้องสมุด
►หนังสือทั่วไป
On Shelf
  ขอยืม
11. หนังสือ
หนังสือ
379 ค121ห 2546 ฉ.11 
  Barcode: 28333
ห้องสมุด
►หนังสือทั่วไป
On Shelf
  ขอยืม
   [แสดง 11/11 รายการ]

หนังสือดีน่าอ่าน


“ดั่งดวงแก้ว ส่องสว่าง ทางสายงาม”


จัดทำขึ้นเพื่อเฉลิมพระเกียรติ สมเด็จพระเทพรัตนราชสุดา ฯ สยามบรมราชกุมารี 
เนื่องในโอกาสมหามงคลเฉลิมพระชนมพรรษา ๕ รอบ ๒ เมษายน ๒๕๕๘ 

โดยหนังสือเล่มนี้ได้รวบรวม ๖๐ พระอัจฉริยภาพของสมเด็จพระเทพ ฯ 
ผู้อ่านจะได้รับแรงบันดาลใจให้พากเพียรเรียนรู้และขยันอดทนทำการงาน
ตามรอยเบื้องพระยุคลบาท เพราะพระองค์ทรงเป็นแบบอย่างอันดีเยี่ยมในทุกด้าน 

ทั้งในความใฝ่รู้ใฝ่เรียน คุณธรรมจริยธรรม พระวิริยอุตสาหะในการทรงงาน 
และอื่นๆอีกมากมาย ล้วนสามารถสร้างแรงบันดาลใจให้แก่เด็กและเยาวชน

อีกทั้งประชาชนทั่วไป ให้พากเพียรเรียนรู้และขยันอดทนทำการงานตามรอยพระยุคลบาท 
เพื่อฝึกฝนตนเองให้เป็นคนดีคนเก่งของครอบครัวและสังคมต่อไป



รายการใกล้เคียง
    ผู้แต่ง [คณะบรรณาธิการ]

    หัวเรื่อง [การศึกษา]

แสดงความเห็นเกี่ยวกับหนังสือเล่มนี้


ยังไม่เคยถูกคอมเมนท์

คอมเมนท์ทรัพยากรรายการนี้
  คอมเมนท์: หม่อมหลวงปิ่น มา..

 
 
 

 

ห้องสมุดเฉลิมพระเกียรติกาญจนาภิเษก  โรงเรียนพะเยาพิทยาคม อำเภอเมือง จังหวัดพะเยา 56000

 E-mail  : Library_ppk@windowslive.com     Library Phayaopittayakom 05-4431-275 ต่อ 4621


 Union Library Management : ULibM
Copyright 2026. All Rights Reserved.